Sri Lanka company perspectives : an ITC serieson non-tariff measures.
| Format: | Book |
|---|---|
| Published: |
Geneva:
International Trade Centre (ITC),
2011.
|
| Subjects: |
| LEADER | 00478cam a2200145 7i4500 | ||
|---|---|---|---|
| 001 | 0000028093 | ||
| 005 | 20120920090000.0 | ||
| 090 | 0 | 0 | |a SRLA 382.3 |b SRI |
| 245 | 2 | 0 | |a Sri Lanka company perspectives : |b an ITC serieson non-tariff measures. |
| 260 | 0 | 0 | |a Geneva: |b International Trade Centre (ITC), |c 2011. |
| 300 | # | # | |a 93 p. |
| 650 | 0 | 0 | |a Tariff -- |z Sri Lanka |
| 650 | 0 | 0 | |a Commercial policy -- |z Sri Lanka |
| 651 | 0 | 0 | |a Sri Lanka |
| 999 | |a 0000030646 |b Book |c Countries |e Business Information Centre | ||